000 01091cam a22002651 4500
999 _c4865
_d4865
001 9884006
003 GBCCL
005 20241126110528.0
008 780714s1966 miu 000 0 eng
010 _a 67002873
035 _a(OCoLC)4054781
040 _aDLC
_cMnManBS
_dDLC
042 _apremarc
050 0 0 _aBV4241
_b.C3
082 _a252.63
_bCAL
245 0 0 _aCalvary's cross,
_cby Dwight L. Moody ...and others.
260 _aGrand Rapids,
_bBaker Book House
_c1966.
300 _a97 p.
_c20 cm.
490 0 _aMinister's handbook series
505 0 _aThe Man that died for me, by Mrs. J. K. Barney.--The blood, by D. L. Moody.--What think you of the cross? by J. C. Ryle.--The sprinkled blood, by W. H. M. H. Aitken.--The red word, by T. DeW. Talmage.--The blood shed for many, by C. H. Spurgeon.--The surety's cross, by H. Bonar.--The great heresy, by D. J. Burrell.--Willie Lear, the substitute, by D. W. Whittle.
650 0 _aSermons.
_96067
700 1 _aMoody, Dwight Lyman,
_d1837-1899.
_91160
906 _a7
_bcbc
_coclcrpl
_du
_encip
_f19
_gy-gencatlg
942 _2ddc
_cBK